[Event "Burgos Intercajas"]
[Site "Burgos"]
[Date "2011.10.26"]
[Round "4.1"]
[White "Fuentes Blazquez, Isidro"]
[Black "Sesma Irigoyen, Francisco"]
[Result "1/2-1/2"]
[WhiteElo "2027"]
[BlackElo "2025"]
[PlyCount "29"]
[EventDate "2011.10.23"]
[EventType "swiss"]
[EventRounds "6"]
[EventCountry "ESP"]
[SourceTitle "EXT 2024"]
[Source "ChessBase"]
[SourceDate "2023.10.10"]
[SourceVersion "1"]
[SourceVersionDate "2023.10.10"]
[SourceQuality "1"]
[WhiteTeam "Castilla La Mancha"]
[BlackTeam "KUTXA"]
[WhiteTeamCountry "ESP"]
[BlackTeamCountry "ESP"]

1. d4 d5 2. c4 e6 3. Nc3 Nf6 4. Bg5 Be7 5. Nf3 0-0 6. e3 c6 7. Bd3 dxc4 8. Bxc4 Nd5 9. Bxe7 Qxe7 10. 0-0 Nd7 11. a3 b6 12. Rc1 Nxc3 13. Rxc3 c5 14. Qc2 Bb7 15. e4 1/2-1/2

[Event "Burgos Intercajas"]
[Site "Burgos"]
[Date "2011.10.24"]
[Round "2.1"]
[White "Santos Ramos, Carlos"]
[Black "Fuentes Blazquez, Isidro"]
[Result "1-0"]
[WhiteElo "2064"]
[BlackElo "2027"]
[PlyCount "67"]
[EventDate "2011.10.23"]
[EventType "swiss"]
[EventRounds "6"]
[EventCountry "ESP"]
[SourceTitle "EXT 2024"]
[Source "ChessBase"]
[SourceDate "2023.10.10"]
[SourceVersion "1"]
[SourceVersionDate "2023.10.10"]
[SourceQuality "1"]
[WhiteTeam "Sabadell Coral Colon"]
[BlackTeam "Castilla La Mancha"]
[WhiteTeamCountry "ESP"]
[BlackTeamCountry "ESP"]

1. d4 Nf6 2. g3 d5 3. Bg2 c6 4. Nf3 Bg4 5. 0-0 Bxf3 6. Bxf3 e6 7. Nd2 Be7 8. c3 Nbd7 9. Qc2 0-0 10. e4 dxe4 11. Nxe4 Nxe4 12. Bxe4 Nf6 13. Bd3 Re8 14. Bg5 h6 15. Be3 Bf8 16. Rae1 Nd5 17. Bc1 a6 18. Qe2 c5 19. dxc5 Bxc5 20. Rd1 Qc7 21. Qe4 Nf6 22. Qh4 Qe5 23. Rfe1 Qh5 24. Qxh5 Nxh5 25. Re5 Bf8 26. Rxh5 g5 27. h4 f6 28. hxg5 fxg5 29. f4 Rad8 30. fxg5 Bc5+ 31. Kg2 Rf8 32. gxh6 Rf2+ 33. Kh3 Bf8 34. Bh7+ 1-0